[Event "33. Seebach-Open"]
[Site "Grossenseebach"]
[Date "2024.05.31"]
[Round "4.22"]
[White "Heppert, Lars"]
[Black "Held, Philip"]
[Result "1-0"]
[WhiteElo "1910"]
[BlackElo "1317"]
[PlyCount "57"]
[EventDate "2024.??.??"]
[WhiteTeam "SK Neuburg"]
[BlackTeam "SC JÄKLECHEMIE Talente Franken e"]

1. Nf3 Nf6 2. c4 c5 3. Nc3 Nc6 4. e3 e6 5. d4 d5 6. cxd5 Nxd5 7. e4 Nxc3 8.
bxc3 cxd4 9. cxd4 Bb4+ 10. Bd2 O-O 11. Bxb4 Nxb4 12. Be2 Qa5 13. O-O b6 14. Qd2
Nc6 15. Qf4 Ba6 16. Bxa6 Qxa6 17. d5 exd5 18. exd5 Ne7 19. Rfd1 Rfd8 20. Ng5 f6
21. Qe4 fxg5 22. Qxe7 h6 23. Qe6+ Kh8 24. d6 Qc8 25. d7 Qc5 26. Rac1 Qf8 27.
Rc7 Qg8 28. Qc6 Qxa2 29. Qxa8 1-0

[Event "33. Seebach-Open"]
[Site "Grossenseebach"]
[Date "2024.05.31"]
[Round "4.23"]
[White "Korn, Lukas Alexander"]
[Black "Bauenschmidt, Lars"]
[Result "1-0"]
[WhiteElo "1883"]
[BlackElo "1256"]
[PlyCount "103"]
[EventDate "2024.??.??"]
[WhiteTeam "FSV Großenseebach"]
[BlackTeam "FSV Großenseebach"]

1. d4 Nf6 2. Bf4 c5 3. d5 d6 4. Nc3 g6 5. e4 Bg7 6. Qd2 O-O 7. f3 a6 8. Bh6 e6
9. Bxg7 Kxg7 10. dxe6 Bxe6 11. O-O-O Qa5 12. Kb1 b5 13. g4 b4 14. Nd5 Nc6 15.
g5 Nd7 16. f4 Nd4 17. Bc4 f5 18. Qf2 fxe4 19. Rxd4 Ne5 20. Rxe4 Bf5 21. Rxe5
dxe5 22. Qh4 Be4 23. Qh6+ Kh8 24. Nf6 Qc7 25. Nf3 Bxf3 26. Re1 exf4 27. Qh3 Bb7
28. Qe6 Rad8 29. Kc1 Bc6 30. Qe7 Rfe8 31. Nxe8 Qxe7 32. Rxe7 Rxe8 33. Rxe8+
Bxe8 34. Bxa6 Kg7 35. Kd2 h6 36. h4 Bc6 37. Bd3 hxg5 38. hxg5 Bd5 39. a4 bxa3
40. bxa3 c4 41. Be2 f3 42. Bf1 Kf7 43. Bh3 Be4 44. c3 Ke7 45. Ke3 Bc6 46. Bg4
f2 47. Kxf2 Kd6 48. Ke3 Ke5 49. Bf3 Ba4 50. Be4 Be8 51. Bc2 Ke6 52. Kd4 1-0

[Event "33. Seebach-Open"]
[Site "Grossenseebach"]
[Date "2024.05.31"]
[Round "4.24"]
[White "Kuhmann, Silas"]
[Black "Steiner, Tizian"]
[Result "0-1"]
[WhiteElo "1498"]
[BlackElo "1875"]
[PlyCount "42"]
[EventDate "2024.??.??"]
[WhiteTeam "TSV Kirchehrenbach"]
[BlackTeam "SC 1868 Bamberg"]

1. f4 d5 2. Nf3 Bg4 3. e3 e6 4. Be2 c5 5. O-O Nc6 6. b3 Bd6 7. Bb2 f6 8. h3 Bf5
9. Nh4 Nge7 10. Bh5+ Bg6 11. Bxg6+ hxg6 12. Qg4 Rh6 13. d3 Qd7 14. e4 O-O-O 15.
f5 gxf5 16. exf5 e5 17. c4 Rdh8 18. Ng6 Nxg6 19. fxg6 Qxg4 20. hxg4 Nb4 21. Nc3
Rh1+ 0-1

[Event "33. Seebach-Open"]
[Site "Grossenseebach"]
[Date "2024.05.31"]
[Round "4.25"]
[White "Martin Fernandez, Felix"]
[Black "Neher, Benjamin"]
[Result "1/2-1/2"]
[WhiteElo "1430"]
[BlackElo "1839"]
[PlyCount "52"]
[EventDate "2024.??.??"]
[WhiteTeam "SC Erlangen 48/88"]
[BlackTeam "SF Wetzisreute"]

1. e4 c5 2. Nf3 a6 3. d4 cxd4 4. Nxd4 Nf6 5. Nc3 e5 6. Nb3 Bb4 7. Bd2 O-O 8.
Bd3 d6 9. a3 Bxc3 10. Bxc3 Be6 11. O-O Nc6 12. Nd2 d5 13. exd5 Nxd5 14. Ne4
Nxc3 15. Nxc3 f5 16. Qe2 Qf6 17. Rad1 Nd4 18. Qe3 Rad8 19. f4 e4 20. Be2 Nxc2
21. Qb6 Nd4 22. Qxb7 Nxe2+ 23. Nxe2 Bc4 24. Rxd8 Rxd8 25. Re1 Qd6 26. Qb4 Qxb4
1/2-1/2

[Event "33. Seebach-Open"]
[Site "Grossenseebach"]
[Date "2024.05.31"]
[Round "4.29"]
[White "Cufi, Astrit"]
[Black "Krupke, Sven"]
[Result "0-1"]
[WhiteElo "1676"]
[BlackElo "2085"]
[PlyCount "84"]
[EventDate "2024.??.??"]
[WhiteTeam "BSG Wöhrlhaus Erlangen"]
[BlackTeam "SF Rosenheim e.V."]

1. e4 c5 2. Nf3 e6 3. d4 cxd4 4. Nxd4 Nc6 5. Be3 Nf6 6. Bd3 d5 7. exd5 Nxd5 8.
Nxc6 bxc6 9. Bd2 Rb8 10. b3 Qf6 11. c3 Bd6 12. a4 Be5 13. O-O Bd7 14. Ra2 Bxc3
15. Bxc3 Nxc3 16. Nxc3 Qxc3 17. Bc4 Ke7 18. Rc2 Qf6 19. Qh5 Qf5 20. Qh4+ g5 21.
Qd4 Qxc2 22. Rd1 Rhd8 23. Qd6+ Ke8 24. Rf1 Qc3 25. f4 Qb4 26. Qe5 gxf4 27. Qxf4
Qc5+ 28. Kh1 Qf8 29. Qe4 Qg7 30. h3 Rbc8 31. Ba6 Rb8 32. Bc4 c5 33. Rf4 h5 34.
Qf3 Rbc8 35. Qxh5 Bc6 36. Rg4 Qf6 37. Rg8+ Ke7 38. Qxc5+ Kd7 39. Qxa7+ Rc7 40.
Rxd8+ Kxd8 41. Qb8+ Kd7 42. Qb4 Qf2 0-1

[Event "33. Seebach-Open"]
[Site "Grossenseebach"]
[Date "2024.05.31"]
[Round "4.30"]
[White "Schmahl, Stephan"]
[Black "Sammer, Fabian"]
[Result "1/2-1/2"]
[WhiteElo "2007"]
[BlackElo "1672"]
[PlyCount "68"]
[EventDate "2024.??.??"]
[WhiteTeam "SC Windischeschenbach"]
[BlackTeam "SC JÄKLECHEMIE Talente Franken e"]

1. e4 e5 2. Nf3 Nf6 3. Nc3 Nc6 4. Bb5 a6 5. Bxc6 dxc6 6. O-O Bg4 7. h3 Bxf3 8.
Qxf3 Bc5 9. d3 Qe7 10. Ne2 O-O-O 11. Ng3 Rhg8 12. Bg5 Qe6 13. Nf5 Be7 14. Rae1
h6 15. Nxe7+ Qxe7 16. Bxf6 gxf6 17. Qf5+ Kb8 18. Qf3 Rg6 19. Kh2 Qb4 20. b3
Rdg8 21. g3 Qc3 22. Qe2 h5 23. a4 Rg5 24. h4 Rg4 25. Rd1 Qc5 26. Rg1 R4g6 27.
Rd2 Qc3 28. Qe3 Rd8 29. Re2 Rdg8 30. Qf3 Qc5 31. Qe3 Qc3 32. Qf3 Qc5 33. Qe3
Qc3 34. Qf3 Qc5 1/2-1/2

[Event "33. Seebach-Open"]
[Site "Grossenseebach"]
[Date "2024.05.31"]
[Round "4.31"]
[White "Seibold, Hubert"]
[Black "Vinogradov, Anatoli"]
[Result "1/2-1/2"]
[WhiteElo "1996"]
[BlackElo "1639"]
[PlyCount "107"]
[EventDate "2024.??.??"]
[WhiteTeam "SK Zirndorf e.V."]
[BlackTeam "SF Haselmühl/Amberg"]

1. c4 e5 2. g3 Nc6 3. Bg2 Bc5 4. Nc3 a6 5. e3 d6 6. Nge2 Nge7 7. O-O O-O 8. a3
Rb8 9. d4 exd4 10. exd4 Ba7 11. b4 Nf5 12. c5 Nce7 13. Bg5 h6 14. Bxe7 Qxe7 15.
Rc1 dxc5 16. dxc5 c6 17. Nd4 Nxd4 18. Qxd4 Rd8 19. Rce1 Rxd4 20. Rxe7 Kf8 21.
Re3 Bf5 22. Rfe1 Rbd8 23. Be4 Bxe4 24. Rxe4 Rxe4 25. Nxe4 Bb8 26. Re2 Rd3 27.
Ra2 Be5 28. Kf1 Rb3 29. Nd2 Rd3 30. Ke2 Rd5 31. Nc4 Bc7 32. Rd2 Rxd2+ 33. Kxd2
Ke7 34. Kd3 Ke6 35. h3 h5 36. Ne3 g5 37. Ke4 b6 38. cxb6 Bxb6 39. g4 hxg4 40.
hxg4 c5 41. f4 gxf4 42. Nd5 Ba7 43. Nxf4+ Kd6 44. Nd5 cxb4 45. axb4 Bf2 46. Nf4
Be1 47. Nd3 Bc3 48. Kf5 Kd5 49. g5 Kd6 50. Nc5 Bxb4 51. Nxa6 Bc3 52. Nc5 Kxc5
53. g6 fxg6+ 54. Kxg6 1/2-1/2

[Event "33. Seebach-Open"]
[Site "Grossenseebach"]
[Date "2024.05.31"]
[Round "4.32"]
[White "Becker, Werner"]
[Black "Abdelrahim, Ahmed"]
[Result "1-0"]
[WhiteElo "1669"]
[BlackElo "1995"]
[PlyCount "89"]
[EventDate "2024.??.??"]
[WhiteTeam "SC Rochade e.V."]
[BlackTeam "SK Radolfzell"]

1. d4 Nf6 2. Nf3 c5 3. c3 d5 4. Bf4 Qb6 5. Qc2 Nc6 6. e3 cxd4 7. exd4 Bf5 8.
Qb3 Qxb3 9. axb3 a6 10. Nbd2 Rc8 11. h3 h6 12. b4 Ne4 13. Be2 Nxd2 14. Nxd2 f6
15. Nf3 g5 16. Bh2 Bg7 17. b5 axb5 18. Bxb5 O-O 19. O-O g4 20. Nh4 Bd7 21. Ng6
Rfe8 22. h4 Bf5 23. Nf4 Rcd8 24. Rad1 Rd7 25. Rfe1 Kf7 26. Nd3 Bxd3 27. Bxd3 h5
28. Re2 e5 29. dxe5 fxe5 30. Bc4 Red8 31. Red2 Ke6 32. Ba2 b5 33. Kf1 Bf6 34.
Bg3 e4 35. Ke2 Be5 36. Bxe5 Nxe5 37. Rd4 Ng6 38. Rxe4+ Kf5 39. Red4 Ke6 40. g3
Ne5 41. Re4 Kf5 42. Rb4 Nc4 43. Rxb5 Re7+ 44. Kf1 Red7 45. Bxc4 1-0

[Event "33. Seebach-Open"]
[Site "Grossenseebach"]
[Date "2024.05.31"]
[Round "4.33"]
[White "Kuhlemann, Claus"]
[Black "Martin Fernandez, Rafael"]
[Result "0-1"]
[WhiteElo "1632"]
[BlackElo "1991"]
[PlyCount "76"]
[EventDate "2024.??.??"]
[WhiteTeam "SV Memmelsdorf"]
[BlackTeam "SC Erlangen 48/88"]

1. f4 d5 2. Nf3 Nf6 3. e3 c5 4. Bb5+ Bd7 5. Bxd7+ Nbxd7 6. b3 g6 7. Bb2 Bg7 8.
O-O O-O 9. d3 b5 10. Qe1 Rc8 11. Nbd2 Nb6 12. Qe2 c4 13. bxc4 dxc4 14. Bd4 Nfd5
15. Bxg7 Kxg7 16. dxc4 bxc4 17. Qe1 Qd6 18. Ne4 Qa3 19. Kf2 c3 20. Qc1 Qb2 21.
a3 Nc4 22. Re1 Qxc1 23. Rexc1 Ncxe3 24. Nd4 Rc4 25. Nxc3 Rxc3 26. g3 Rfc8 27.
Ra2 a6 28. Ke2 R8c4 29. Nf3 Nxc2 30. Rd1 Nce3 31. Rdd2 Rc1 32. Kd3 R4c3+ 33.
Ke2 e6 34. Kf2 Rf1+ 35. Ke2 Rcc1 36. Ne5 f6 37. Nd7 Nc3+ 38. Kxe3 Nxa2 0-1

[Event "33. Seebach-Open"]
[Site "Grossenseebach"]
[Date "2024.05.31"]
[Round "4.34"]
[White "Schuetz, Robert"]
[Black "Meulner, Klaus"]
[Result "0-1"]
[WhiteElo "1592"]
[BlackElo "1986"]
[PlyCount "66"]
[EventDate "2024.??.??"]
[WhiteTeam "TSV Kirchehrenbach"]
[BlackTeam "SC Schwarz-Weiß Nürnberg Süd e.V"]

1. e4 Nc6 2. Nf3 d6 3. d4 Nf6 4. Nc3 g6 5. h3 Bg7 6. Be3 O-O 7. Be2 e5 8. dxe5
dxe5 9. Qxd8 Rxd8 10. O-O Nd4 11. Bd3 Nxf3+ 12. gxf3 Bxh3 13. Rfd1 a6 14. a4
Be6 15. Be2 h6 16. a5 Bf8 17. Na4 Nh5 18. Nc5 Bxc5 19. Bxc5 Nf4 20. Bf1 f6 21.
Be7 Rxd1 22. Rxd1 Kf7 23. Bd8 Rc8 24. b4 Nh5 25. b5 Ke8 26. bxa6 bxa6 27. Bxa6
Rxd8 28. Bb5+ Ke7 29. Rxd8 Kxd8 30. a6 Kc8 31. c4 Kb8 32. c5 Ka7 33. Kh2 Bc8
0-1

[Event "33. Seebach-Open"]
[Site "Grossenseebach"]
[Date "2024.05.31"]
[Round "4.35"]
[White "Schraegle, Thorsten"]
[Black "Heimann, Jonas"]
[Result "1-0"]
[WhiteElo "1950"]
[BlackElo "1598"]
[PlyCount "67"]
[EventDate "2024.??.??"]
[WhiteTeam "SG Donautal Tuttlingen"]
[BlackTeam "SC Forchheim e.V."]

1. d4 d5 2. c4 e5 3. dxe5 d4 4. Nf3 Nc6 5. Bf4 Nge7 6. Nbd2 Ng6 7. g3 Bf5 8.
Bg2 Nb4 9. O-O Bc2 10. Qc1 d3 11. e3 Nc6 12. a3 Bc5 13. b4 Nxf4 14. gxf4 Be7
15. b5 Na5 16. Nd4 Ba4 17. Qc3 c5 18. bxc6 Nxc6 19. Qxd3 Bc5 20. N2f3 Rb8 21.
Qe4 h6 22. e6 O-O 23. exf7+ Rxf7 24. Ne5 Nxe5 25. fxe5 Qe7 26. f4 Rd8 27. e6
Rf6 28. Qxb7 Qxb7 29. Bxb7 Bxd4 30. exd4 Rxd4 31. Bd5 Rd2 32. e7+ Kh8 33. Rfe1
Be8 34. Rab1 1-0

[Event "33. Seebach-Open"]
[Site "Grossenseebach"]
[Date "2024.05.31"]
[Round "4.37"]
[White "Zyadah, Mahmoud"]
[Black "Savchuk, Alexander"]
[Result "1/2-1/2"]
[WhiteElo "1581"]
[BlackElo "1896"]
[PlyCount "51"]
[EventDate "2024.??.??"]
[WhiteTeam "SF Riedlingen"]
[BlackTeam "SC Uttenreuth e.V."]

1. e4 c5 2. c3 d5 3. e5 d4 4. Bc4 e6 5. Nf3 Nh6 6. d3 Nf5 7. Nbd2 Be7 8. Ne4 a6
9. a4 b6 10. O-O Nc6 11. Bf4 O-O 12. Bg5 Bb7 13. Bxe7 Qxe7 14. Ng3 Nxg3 15.
fxg3 Rfd8 16. Qe2 Rac8 17. Nd2 Na5 18. Ba2 dxc3 19. bxc3 Nc6 20. Nc4 b5 21. Nd6
Rxd6 22. exd6 Qxd6 23. axb5 axb5 24. Rad1 b4 25. cxb4 cxb4 26. d4 1/2-1/2

[Event "33. Seebach-Open"]
[Site "Grossenseebach"]
[Date "2024.05.31"]
[Round "4.38"]
[White "Diller, Marianne"]
[Black "Khachatryan, Avetis"]
[Result "1-0"]
[WhiteElo "1844"]
[BlackElo "1523"]
[PlyCount "65"]
[EventDate "2024.??.??"]
[WhiteTeam "SK Rothenburg e.V."]
[BlackTeam "SGem Eckental"]

1. d4 d5 2. c4 e6 3. Nc3 Nf6 4. Bf4 Bb4 5. a3 Be7 6. e3 O-O 7. Nf3 a6 8. Rc1 c6
9. Bd3 h6 10. O-O dxc4 11. Bxc4 Nd5 12. Bg3 Nd7 13. Bd3 N5f6 14. h3 c5 15. Bb1
cxd4 16. Nxd4 Bc5 17. Nf3 b5 18. Qe2 Bb7 19. Rfd1 Qb6 20. e4 Rfd8 21. e5 Nd5
22. Qc2 g6 23. Ne4 Rac8 24. Qd2 Kg7 25. Nd6 Bxd6 26. exd6 Rxc1 27. Rxc1 Rc8 28.
Rxc8 Bxc8 29. Be4 Bb7 30. Bxd5 Bxd5 31. Qc3+ Kg8 32. Qc8+ Kg7 33. Qxd7 1-0

[Event "33. Seebach-Open"]
[Site "Grossenseebach"]
[Date "2024.05.31"]
[Round "4.39"]
[White "Vennemann, Juergen"]
[Black "Hafes, Hassan"]
[Result "1-0"]
[WhiteElo "1831"]
[BlackElo "1485"]
[PlyCount "58"]
[EventDate "2024.??.??"]
[WhiteTeam "SC Hersbruck"]
[BlackTeam "SF Riedlingen"]

1. e4 e5 2. Nf3 Nc6 3. d4 exd4 4. Nxd4 Nxd4 5. Qxd4 Nf6 6. Nc3 b6 7. e5 Bc5 8.
Qh4 Qe7 9. Bf4 O-O 10. Bd3 h6 11. O-O-O Nd5 12. Qxe7 Nxe7 13. Ne4 Bb7 14. Nxc5
bxc5 15. f3 Rab8 16. Bc4 Bc6 17. Be3 Rfe8 18. Bxc5 Ng6 19. Bxa7 Rb7 20. Bd4
Nxe5 21. Rhe1 d6 22. Bxe5 dxe5 23. Bd5 Bxd5 24. Rxd5 f6 25. Red1 Kf7 26. a4 g5
27. Rd7+ Ke6 28. Rh7 Reb8 29. b3 Rb4 1-0

[Event "33. Seebach-Open"]
[Site "Grossenseebach"]
[Date "2024.05.31"]
[Round "4.40"]
[White "Keck, Johannes"]
[Black "Ratushnyi, Artur"]
[Result "1-0"]
[WhiteElo "1825"]
[BlackElo "1446"]
[PlyCount "49"]
[EventDate "2024.??.??"]
[WhiteTeam "SC Erlangen 48/88"]
[BlackTeam "SC Schwarz-Weiß Nürnberg Süd e.V"]

1. e4 e5 2. Nf3 Nc6 3. Nc3 Nf6 4. Bb5 d6 5. d4 exd4 6. Nxd4 Bd7 7. Bxc6 Bxc6 8.
O-O Be7 9. Nxc6 bxc6 10. f4 O-O 11. Qf3 Qd7 12. h3 Rfd8 13. Bd2 d5 14. e5 Ne8
15. f5 Rab8 16. b3 Bb4 17. Rae1 d4 18. e6 fxe6 19. fxe6 Qe7 20. Ne4 Bxd2 21.
Qf7+ Qxf7 22. exf7+ Kf8 23. fxe8=Q+ Kxe8 24. Nxd2+ Kd7 25. Rf7+ 1-0

[Event "33. Seebach-Open"]
[Site "Grossenseebach"]
[Date "2024.05.31"]
[Round "4.42"]
[White "Yanpala, Oguz Faruk"]
[Black "Basel, Moritz"]
[Result "0-1"]
[WhiteElo "1227"]
[BlackElo "1810"]
[PlyCount "79"]
[EventDate "2024.??.??"]
[WhiteTeam "SC JÄKLECHEMIE Talente Franken e"]
[BlackTeam "SC Kitzingen von 1905"]

1. d4 d5 2. Bf4 c5 3. e3 Nf6 4. Bd3 Nc6 5. Nf3 Bg4 6. Nbd2 cxd4 7. exd4 Nxd4 8.
h3 Nxf3+ 9. Nxf3 Bd7 10. O-O e6 11. c4 Be7 12. cxd5 Nxd5 13. Bg3 Bc6 14. Ne5
Bd6 15. Nxc6 bxc6 16. Bxd6 Qxd6 17. Be4 O-O 18. Qc2 f5 19. Bf3 e5 20. Rac1 e4
21. Be2 Rac8 22. Rfd1 h6 23. Bc4 Kh7 24. Qb3 Rb8 25. Qc2 Qe5 26. b3 Nb4 27. Qe2
Rbd8 28. a3 Rxd1+ 29. Rxd1 Nd5 30. Qd2 e3 31. fxe3 Nxe3 32. Qe2 Re8 33. Rc1 Qg3
34. Bd3 Rd8 35. Rc3 Qg5 36. Bc2 Nxc2 37. Qxc2 Rd2 38. Rg3 Rxc2 39. Rxg5 hxg5
40. b4 0-1

[Event "33. Seebach-Open"]
[Site "Grossenseebach"]
[Date "2024.05.31"]
[Round "4.43"]
[White "Wachter, Michael"]
[Black "Scheitler, Wolfgang"]
[Result "1-0"]
[WhiteElo "1779"]
[BlackElo "1424"]
[PlyCount "95"]
[EventDate "2024.??.??"]
[WhiteTeam "SC 1868 Bamberg"]
[BlackTeam "SC Schwarz-Weiß Nürnberg Süd e.V"]

1. d4 Nf6 2. Bf4 d5 3. e3 c6 4. c4 Qa5+ 5. Nc3 Ne4 6. Qb3 e6 7. Bd3 Bd6 8. Bxd6
Nxd6 9. c5 Ne4 10. a3 Nxc3 11. bxc3 Nd7 12. f4 b6 13. Qb4 Qxb4 14. axb4 b5 15.
Nf3 f6 16. Nd2 e5 17. Nb3 e4 18. Be2 Kd8 19. Ra2 Kc7 20. O-O Bb7 21. Bg4 Rhe8
22. Na5 Re7 23. Rfa1 a6 24. g3 g6 25. Rg2 f5 26. Be2 Rg7 27. Kf2 Rag8 28. Rag1
h5 29. Nxb7 Kxb7 30. h3 Nf6 31. g4 hxg4 32. hxg4 Nxg4+ 33. Bxg4 fxg4 34. Rxg4
Kc7 35. Rg5 Kd7 36. Ra1 Ra8 37. Rag1 Rag8 38. f5 Rf7 39. R1g3 Ke7 40. Kg2 Rfg7
41. Kh3 Kf6 42. Rxg6+ Rxg6 43. fxg6 Rxg6 44. Rxg6+ Kxg6 45. Kg4 Kf6 46. Kf4 Kg6
47. Ke5 Kg5 48. Kd6 1-0

[Event "33. Seebach-Open"]
[Site "Grossenseebach"]
[Date "2024.05.31"]
[Round "4.45"]
[White "Barsov, Vladislav"]
[Black "Timurlenk, Emre"]
[Result "1-0"]
[WhiteElo "1733"]
[BlackElo "1313"]
[PlyCount "103"]
[EventDate "2024.??.??"]
[WhiteTeam "SK Gräfelfing"]
[BlackTeam "SV Bubenreuth e.V."]

1. c4 e5 2. g3 Bc5 3. Bg2 d6 4. Nc3 Ne7 5. d3 Nbc6 6. e3 O-O 7. Nge2 Be6 8. a3
a6 9. d4 Bxc4 10. dxc5 Bxe2 11. Nxe2 d5 12. b4 Qd7 13. O-O Rad8 14. Bb2 Ng6 15.
Qd2 Nce7 16. Rad1 c6 17. f4 e4 18. Qc3 f6 19. Bxe4 Qg4 20. Bf3 Qc8 21. e4 Rfe8
22. exd5 Nxd5 23. Bxd5+ cxd5 24. Rfe1 Qg4 25. Nd4 Nxf4 26. Qf3 Rxe1+ 27. Rxe1
Qxf3 28. Nxf3 Nd3 29. Re2 Nxb2 30. Rxb2 Kf7 31. Kf2 g5 32. Nd4 Re8 33. Re2 Re5
34. Nf3 Rf5 35. g4 Rf4 36. h3 f5 37. Kg3 h6 38. Ne5+ Kf6 39. Nd7+ Kf7 40. gxf5
Rxf5 41. Ne5+ Kf6 42. Ng4+ Kg7 43. Re7+ Rf7 44. Re5 Rd7 45. Kf3 d4 46. Re2 h5
47. Ne5 Re7 48. Ke4 Kf6 49. Rf2+ Kg7 50. Kxd4 g4 51. hxg4 hxg4 52. Rg2 1-0

[Event "33. Seebach-Open"]
[Site "Grossenseebach"]
[Date "2024.05.31"]
[Round "4.47"]
[White "Bruss, Robert"]
[Black "Kohler, Alfred"]
[Result "1-0"]
[WhiteElo "1994"]
[BlackElo "1537"]
[PlyCount "41"]
[EventDate "2024.??.??"]
[WhiteTeam "SV Altensittenbach"]
[BlackTeam "SK 1911 Herzogenaurach e.V."]

1. d4 d5 2. c4 e6 3. Nc3 Nf6 4. cxd5 Nxd5 5. e4 Nxc3 6. bxc3 Be7 7. Nf3 b6 8.
Bb5+ Bd7 9. Bd3 O-O 10. O-O c5 11. Qc2 cxd4 12. e5 dxc3 13. Bxh7+ Kh8 14. Be4
Bc6 15. Re1 Bxe4 16. Qxe4 Nd7 17. Qg4 Re8 18. Bg5 f6 19. Qh3+ Kg8 20. Qxe6+ Kf8
21. Nh4 1-0

[Event "33. Seebach-Open"]
[Site "Grossenseebach"]
[Date "2024.05.31"]
[Round "4.48"]
[White "Ratushna, Olha"]
[Black "Brunsch, Michael"]
[Result "0-1"]
[WhiteElo "1445"]
[BlackElo "1936"]
[PlyCount "64"]
[EventDate "2024.??.??"]
[WhiteTeam "SC Schwarz-Weiß Nürnberg Süd e.V"]
[BlackTeam "SC Höchstadt/Aisch"]

1. e4 c5 2. Nc3 e6 3. Nf3 Nc6 4. Bc4 g6 5. O-O Bg7 6. Re1 Nge7 7. Nb5 d6 8. a3
a6 9. Nc3 O-O 10. d3 b5 11. Ba2 Bb7 12. Bg5 h6 13. Be3 Nd4 14. Kh1 d5 15. exd5
Nxd5 16. Nxd5 Bxd5 17. Bxd5 Qxd5 18. Nxd4 cxd4 19. Bd2 Rfd8 20. Qc1 Kh7 21. Re4
g5 22. h4 f5 23. Re3 dxe3 24. Bxe3 gxh4 25. Qd2 e5 26. f3 Rd6 27. Kh2 Rg6 28.
Rh1 Bf6 29. Kg1 Rag8 30. Rh2 Qxf3 31. Qf2 Qg4 32. Qf1 f4 0-1

[Event "33. Seebach-Open"]
[Site "Grossenseebach"]
[Date "2024.05.31"]
[Round "4.49"]
[White "Kreiner, Tobias"]
[Black "Hock, Gerold"]
[Result "0-1"]
[WhiteElo "1416"]
[BlackElo "1916"]
[PlyCount "50"]
[EventDate "2024.??.??"]
[WhiteTeam "FSV Großenseebach"]
[BlackTeam "SC Sulzbach"]

1. e4 e5 2. Nf3 Nc6 3. Bb5 a6 4. Ba4 Nf6 5. O-O d6 6. d3 Be7 7. h3 O-O 8. c3 b5
9. Bb3 Bb7 10. Bg5 Na5 11. Bc2 c5 12. d4 Nxe4 13. Bxe7 Qxe7 14. Bxe4 Bxe4 15.
Re1 Bb7 16. dxc5 dxc5 17. Nxe5 Rad8 18. Qg4 Nc4 19. Nd3 Qd6 20. Nf4 Rfe8 21.
Na3 Nxb2 22. Rxe8+ Rxe8 23. Rb1 Nd3 24. Rd1 Qxf4 25. Rxd3 Re1# 0-1

[Event "33. Seebach-Open"]
[Site "Grossenseebach"]
[Date "2024.05.31"]
[Round "4.51"]
[White "Schuessler, Simon"]
[Black "Dreyer, Andre"]
[Result "0-1"]
[WhiteElo "1374"]
[BlackElo "1832"]
[PlyCount "90"]
[EventDate "2024.??.??"]
[WhiteTeam "FSV Großenseebach"]
[BlackTeam "SV Stockenhausen-Frommern"]

1. e4 d5 2. exd5 Nf6 3. Nf3 Nxd5 4. d4 g6 5. Bc4 Bg7 6. Bxd5 Qxd5 7. Nc3 Qd8 8.
O-O O-O 9. Bg5 Bg4 10. Ne2 Bxf3 11. gxf3 Re8 12. c3 Qd5 13. f4 Nc6 14. Bh4 Rad8
15. Nc1 Qf5 16. Nd3 Rd5 17. Qf3 Red8 18. Rfe1 Bf6 19. Bxf6 Qxf6 20. Ne5 Nxe5
21. Rxe5 Rxe5 22. dxe5 Qb6 23. Qe2 e6 24. b3 Rd5 25. Rd1 c6 26. Rxd5 cxd5 27.
c4 dxc4 28. Qxc4 Qd8 29. Qe2 Qd4 30. Qc4 Qxc4 31. bxc4 Kf8 32. Kf1 Ke7 33. Ke2
Kd7 34. Kd3 Kc6 35. Kc3 Kc5 36. a4 a6 37. Kb3 h6 38. Kc3 h5 39. h4 a5 40. Kd3
Kb4 41. Kd4 Kxa4 42. Kc5 Kb3 43. Kb5 a4 44. c5 a3 45. Kb6 Kc4 0-1

[Event "33. Seebach-Open"]
[Site "Grossenseebach"]
[Date "2024.05.31"]
[Round "4.52"]
[White "Denhardt, Daniel"]
[Black "Vaas, Andreas"]
[Result "0-1"]
[WhiteElo "1315"]
[BlackElo "1804"]
[PlyCount "28"]
[EventDate "2024.??.??"]
[WhiteTeam "FSV Großenseebach"]
[BlackTeam "SK Dinkelsbühl e.V."]

1. e4 Nf6 2. e5 Nd5 3. c4 Nb6 4. a4 a5 5. b4 Nc6 6. bxa5 Nxa5 7. d3 d6 8. Nf3
dxe5 9. Nxe5 Qd4 10. Ra2 Qxe5+ 11. Re2 Qf5 12. Nc3 Bd7 13. g3 Bc6 14. Rg1 Bf3
0-1

[Event "33. Seebach-Open"]
[Site "Grossenseebach"]
[Date "2024.05.31"]
[Round "4.53"]
[White "Zaiser, Dion"]
[Black "Poelsterl, Hans"]
[Result "0-1"]
[WhiteElo "1307"]
[BlackElo "1798"]
[PlyCount "72"]
[EventDate "2024.??.??"]
[WhiteTeam "SG Büchenbach/Roth e.V."]
[BlackTeam "SK Nürnberg 1911 e.V."]

1. e4 c6 2. Nf3 d5 3. Nc3 dxe4 4. Nxe4 Bg4 5. h3 Bxf3 6. Qxf3 Nd7 7. Bc4 Ne5 8.
Qc3 Nxc4 9. Qxc4 Qd5 10. Qxd5 cxd5 11. Nc3 Nf6 12. d4 a6 13. Bf4 e6 14. a3 Be7
15. O-O-O Rc8 16. g4 Bxa3 17. Rd3 Be7 18. f3 O-O 19. Ne2 Rc6 20. Rc3 Rfc8 21.
Rxc6 Rxc6 22. Kd2 Ne8 23. Nc1 Nd6 24. Bxd6 Bxd6 25. Nd3 f6 26. b3 Kf7 27. f4
Bc7 28. Re1 Ba5+ 29. b4 Bb6 30. Nc5 Bxc5 31. dxc5 b6 32. Ra1 bxc5 33. bxc5 e5
34. f5 g6 35. Kd3 gxf5 36. gxf5 Kg7 0-1

[Event "33. Seebach-Open"]
[Site "Grossenseebach"]
[Date "2024.05.31"]
[Round "4.54"]
[White "Averin, Alex"]
[Black "Tokgoez, Furkan"]
[Result "0-1"]
[WhiteElo "1288"]
[BlackElo "1759"]
[PlyCount "55"]
[EventDate "2024.??.??"]
[WhiteTeam "SC Schwarz-Weiß Nürnberg Süd e.V"]
[BlackTeam "SC Noris-Tarrasch Nürnberg 1873"]

1. e4 c5 2. Nf3 d6 3. Bb5+ Bd7 4. Bxd7+ Nxd7 5. O-O Ngf6 6. Nc3 g6 7. d3 Bg7 8.
Bg5 O-O 9. Qd2 Qb6 10. b3 Rac8 11. Bh6 e6 12. h4 Ng4 13. Bxg7 Kxg7 14. Qg5 Ngf6
15. Ne2 h6 16. Qf4 Nh5 17. Qh2 f5 18. exf5 exf5 19. Nd2 Ne5 20. f3 Rce8 21. Nc1
Qb4 22. Nc4 Qc3 23. Rb1 Qxc2 24. Rb2 Qc3 25. Re2 Qd4+ 26. Kh1 Nxc4 27. Rxe8
Rxe8 28. f4 0-1

[Event "33. Seebach-Open"]
[Site "Grossenseebach"]
[Date "2024.05.31"]
[Round "4.55"]
[White "Kromer, Thomas"]
[Black "Franke, Martin"]
[Result "1-0"]
[WhiteElo "1754"]
[BlackElo "1297"]
[PlyCount "47"]
[EventDate "2024.??.??"]
[WhiteTeam "SF Riedlingen"]
[BlackTeam "FSV Großenseebach"]

1. e4 c5 2. d4 cxd4 3. c3 dxc3 4. Nxc3 d6 5. Nf3 Nc6 6. Bc4 Nf6 7. e5 dxe5 8.
Qxd8+ Kxd8 9. Ng5 Be6 10. Bxe6 fxe6 11. Nf7+ Ke8 12. Nxh8 Rd8 13. Be3 a6 14.
O-O g6 15. Bb6 Rd2 16. Na4 Nd5 17. Be3 Rc2 18. Rac1 Rxc1 19. Rxc1 Nxe3 20. fxe3
g5 21. Nc5 Nd8 22. Nxb7 Nxb7 23. Rc8+ Nd8 24. Nf7 1-0

[Event "33. Seebach-Open"]
[Site "Grossenseebach"]
[Date "2024.05.31"]
[Round "4.56"]
[White "Hoffmann, Edgar"]
[Black "Schaefer, Ann-Kathrin"]
[Result "0-1"]
[WhiteElo "1277"]
[BlackElo "1744"]
[PlyCount "86"]
[EventDate "2024.??.??"]
[WhiteTeam "SC Forchheim e.V."]
[BlackTeam "SC JÄKLECHEMIE Talente Franken e"]

1. d4 Nf6 2. Nf3 g6 3. Bf4 Bg7 4. e3 O-O 5. c4 d6 6. Nc3 Nbd7 7. Be2 b6 8. O-O
Bb7 9. h3 Ne4 10. Nd2 Nxd2 11. Qxd2 e5 12. dxe5 Nxe5 13. b3 Qd7 14. Bxe5 Bxe5
15. f4 Bg7 16. Bf3 Bxf3 17. Rxf3 Rfe8 18. Re1 Re6 19. Nb5 Rae8 20. g4 a6 21.
Nd4 Re4 22. Nc2 a5 23. Qg2 Bc3 24. Rd1 a4 25. Rd3 axb3 26. axb3 Bg7 27. Qd2 Ra8
28. Nb4 Ra3 29. Nc2 Ra2 30. Kg2 Qc6 31. Kg3 Qa8 32. Qg2 Qe8 33. Rf2 Bf6 34. g5
Bg7 35. h4 h5 36. Kh2 Ra5 37. Rf3 Qa8 38. Rf2 Qc6 39. Nb4 Qe8 40. Nd5 Rc5 41.
Rf3 b5 42. cxb5 Qxb5 43. Qf1 Rxd5 0-1